Codex alimentarius commission: Procedural manual

محفوظ في:
التفاصيل البيبلوغرافية
مؤلف مشترك: FAO
التنسيق: كتاب
اللغة:Undetermined
منشور في: Rome, Italy FAO and WHO 2004
الموضوعات:
الوسوم: إضافة وسم
لا توجد وسوم, كن أول من يضع وسما على هذه التسجيلة!
Thư viện lưu trữ: Trung tâm Học liệu Trường Đại học Cần Thơ
LEADER 00468nam a2200181Ia 4500
001 CTU_69282
008 210402s9999 xx 000 0 und d
082 |a 348 
082 |b F218 
110 |a FAO 
245 0 |a Codex alimentarius commission: Procedural manual 
245 0 |c FAO 
260 |a Rome, Italy 
260 |b FAO and WHO 
260 |c 2004 
650 |a Foodlaw nad legislation 
904 |i Minh 
980 |a Trung tâm Học liệu Trường Đại học Cần Thơ